000
00331nam a22001457a 4500
003
OSt
005
20160727222408.0
008
160624b xxu||||| |||| 00| 0 eng d
040
_c
Test
100
_9
908
_a
Hamilton, D
245
_a
The Eagle
260
_a
Pennsylvania
_b
Herald Press.
_c
1974
300
_a
The Eagle
942
_2
ddc
_c
BK
999
_c
720
_d
720